000
00193nam a22000857a 4500
008
161020b xxu||||| |||| 00| 0 eng d
100
_9
907
_a
Bista
245
_a
Hindi Story
260
_a
New Delhi
_c
2001
999
_c
3561
_d
3561